| 000 | 00704nam a2200253 i 4500 | ||
|---|---|---|---|
| 003 | DO-SdBNP | ||
| 005 | 20230928090553.0 | ||
| 007 | ta | ||
| 008 | 110413s2001 dr 000 0 spa d | ||
| 020 | _a0965005305 | ||
| 040 |
_aDO-SdBNP _bspa _cBNPHU _erda |
||
| 041 | _heng | ||
| 082 |
_bC289T _222 |
||
| 100 | 1 |
_aCarnes, Nat _912719 |
|
| 245 | 1 | 0 |
_aTrujillo : _bthe chief / _cNat Carnes |
| 264 | 1 |
_aSan Juan, Puerto Rico : _b[editor no identificado], _c2001. |
|
| 300 |
_a323 páginas _c21 cm. |
||
| 336 |
_2rdacontent _atexto _btxt |
||
| 337 |
_2rdamedia _asin mediación _bn |
||
| 338 |
_2rdacarrier _avolumen _bnc |
||
| 590 | _aInventariado, 2023/ YL | ||
| 910 | _aYLockward | ||
| 942 |
_2ddc _cLBS1 |
||
| 999 |
_c54987 _d54987 |
||